L'Estatut : una aposta democràtica i moderna : Barcelona, 7 de novembre de 2005 / Ernest Benach i Pascual una aposta democràtica i moderna :
Descripción Física:
22 p. ; 26 cm
Colección:
Quaderns de l'Estatut ; 3
MARC
| LEADER | 00000nam a2200000Ia 4500 | ||
|---|---|---|---|
| 001 | 17399 | ||
| 008 | 160829s2006 xx 000 0 cat d | ||
| 080 | |a FU-47-2 | ||
| 100 | |a Benach i Pascual, Ernest |9 18971 | ||
| 245 | |a L'Estatut : |b una aposta democràtica i moderna : |b Barcelona, 7 de novembre de 2005 / Ernest Benach i Pascual | ||
| 250 | |a Ed. no venal | ||
| 260 | |a Barcelona : |b Parlament de Catalunya, |c 2006 | ||
| 300 | |a 22 p. ; |c 26 cm | ||
| 490 | |a Quaderns de l'Estatut ; 3 | ||
| 590 | |a Conferència pronunciada el 7 de novembre de 2005 a l'Hotel Ritz de Barcelona | ||
| 650 | |a Reformes constitucionals |x Catalunya |9 39337 | ||
| 650 | |a Catalunya |9 67048 | ||
| 901 | |a Arxiu | ||
| 942 | |n 1 | ||
| 952 | |0 0 |1 0 |4 0 |6 FU472 |7 1 |9 48954 |a Arxiu |b Arxiu |d 2016-12-01 |l 0 |o FU-47-2 |p 17399 |r 2016-12-01 00:00:00 |w 2016-12-01 |y ARXIU | ||
| 999 | |c 52789 |d 52789 | ||